00400nam a22001457a 450000500170000000800410001702000150005804100120007308200130008510000120009824500520011026000430016230000250020565000240023020240918123850.0240918b |||||||| |||| 00| 0 eng d a0409017019 aEnglish a349 BUT  lEnglish aButterworths Forms and Precedents: Companies 1  aDurban: bLexisNexis (Pty) Ltd, c1998 b786 pages; c26 cm.  aLegal practicebLaw